| 000 | 00635nam a2200181 4500 | ||
|---|---|---|---|
| 001 | 116894 | ||
| 003 | ES-MaACL | ||
| 005 | 20230906190804.0 | ||
| 007 | t| | ||
| 008 | 070227s1968 sp r ||||1| spa d | ||
| 100 | 1 |
_aPawley, E. L. E. _989695 |
|
| 245 | 1 | 0 |
_aNormas de seguridad aplicables al personal de los organismos de Radiodifusión y Televisión / _cE. L. E. Pawley ; traducción de J. Manuel Romero Canela. |
| 260 |
_aMadrid : _bTelevisión Española, _c1968. |
||
| 300 |
_a140 p. ; _c20 cm. |
||
| 700 | 1 |
_aRomero Canela, J. Manuel. _999361 |
|
| 710 | 2 |
_aTelevisión Española. _96933 |
|
| 852 |
_aES-MaACL _jC-36981 _bR.68859 |
||
| 999 |
_c116894 _d116894 |
||